Weeds grow fast / (Record no. 129681)

MARC details
000 -LEADER
fixed length control field 00544nam a22002057a 4500
005 - DATE AND TIME OF LATEST TRANSACTION
control field 20170124110101.0
010 ## - LIBRARY OF CONGRESS CONTROL NUMBER
LC control number 711124
020 ## - INTERNATIONAL STANDARD BOOK NUMBER
Terms of availability 00.00
International Standard Book Number 0701119128
035 ## - SYSTEM CONTROL NUMBER
System control number 711124
037 ## - SOURCE OF ACQUISITION
Source of stock number/acquisition Cen Lib/Ret
040 ## - CATALOGING SOURCE
Original cataloging agency DPL
Language of cataloging EN
082 ## - DEWEY DECIMAL CLASSIFICATION NUMBER
Classification number 921
Item number ZIN
100 ## - MAIN ENTRY--PERSONAL NAME
Personal name Zinkin, Taya
9 (RLIN) 27115
245 ## - TITLE STATEMENT
Title Weeds grow fast /
Statement of responsibility, etc by Taya Zinkin
260 ## - PUBLICATION, DISTRIBUTION, ETC. (IMPRINT)
Place of publication, distribution, etc London
Name of publisher, distributor, etc Chatto & Windus
Date of publication, distribution, etc 1973
270 ## - ADDRESS
Address 40 William IV Street
300 ## - PHYSICAL DESCRIPTION
Extent 160p. :
Dimensions 20cm(Hb)
Other physical details ill.
650 ## - SUBJECT ADDED ENTRY--TOPICAL TERM
Topical term or geographic name as entry element Zinkin, Taya
9 (RLIN) 27116
942 ## - ADDED ENTRY ELEMENTS (KOHA)
Source of classification or shelving scheme Dewey Decimal Classification
Koha item type English Books
Classification part 921
Call number suffix ZIN
Holdings
Withdrawn status Lost status Damaged status Not for loan Home library Current library Date acquired Source of acquisition Cost, normal purchase price Total Checkouts Full call number Barcode Date last seen Copy number Cost, replacement price Price effective from Koha item type
        Central Library Central Library 07/07/2015 Cen Lib/Ret 0.00   921 ZIN 711124 07/07/2015 1 0.00 07/07/2015 English Books

© Delhi Public Library
Hit Counter
free hit counter